000 00400nam a2200145Ia 4500
008 220217s9999||||xx |||||||||||||| ||und||
020 _a81-203-0927-8
082 _a004.65 COM
100 _aComer, Douglas, E Stevens, David, L
245 0 _aInternetworking with TCP/IP
250 _a2nd
260 _aPrentice hall of india
_bNew Delhi
_c2001
300 _b225
650 _aCOMPUTER NETWORK
999 _c169926
_d169926